[Event "Leon"]
[Site "?"]
[Date "1994.??.??"]
[Round "?"]
[White "De La Villa Garcia, Jesus Maria"]
[Black "Beliavsky, Alexander G"]
[WhiteElo "2470"]
[BlackElo "2650"]
[Result "1-0"]

1. e4 e6 2. d4 d5 3. Nc3 Bb4 4. e5 c5 5. Qg4 Ne7 6. dxc5 Nbc6 7. Bd2 O-O 8. O-O-O Nf5 9. Nf3 Bxc5 10. Bd3 f6 11. Bxf5 exf5 12. Qg3 fxe5 13. Nxe5 Be6 14. Nd3 Bd4 15. Nb5 Rc8 16. Nf4 Be5 17. Nxe6 Qf6 18. Nf4 a6 19. Nc3 Qf7 20. Rhe1 Rfd8 21. Kb1 b5 22. Nce2 a5 23. Qd3 a4 24. g3 b4 25. h4 g6 26. Ng1 Bh8 27. Nf3 Qf6 28. Bc1 b3 29. axb3 Nb4 30. Qd4 Qc6 31. Qd2 axb3 32. cxb3 d4 33. Ne5 Bxe5 34. Rxe5 d3 35. Qxb4 Qc2+ 36. Ka2 Qxd1 37. Bd2 Rc2 38. Bc3 Rc8 39. Rc5 Ra8+ 40. Ra5 Rc8 41. Rc5 Ra8+ 42. Ra5 Rc8 43. Nd5 Rc1 44. Nf6+ Kh8 45. Ng4+ 

1-0

[Event "Pamplona"]
[Site "?"]
[Date "1991.??.??"]
[Round "?"]
[White "De La Villa Garcia, Jesus Maria"]
[Black "Ehlvest, Jaan"]
[WhiteElo "2470"]
[BlackElo "2605"]
[Result "1-0"]

1. e4 g6 2. d4 d6 3. Nc3 c6 4. Be3 b5 5. d5 a6 6. a4 b4 7. Na2 Nf6 8. f3 a5 9. dxc6 Nxc6 10. Bb5 Bd7 11. c4 Bg7 12. Ne2 O-O 13. b3 Ne8 14. Bxc6 Bxc6 15. Nd4 Bb7 16. O-O Nc7 17. Qd2 Na6 18. Rad1 Nc5 19. Nc1 Rc8 20. Rfe1 Re8 21. Qf2 Ba6 22. Qg3 Be5 23. Qf2 Qc7 24. Qh4 Bf6 25. Bg5 Bg7 26. Bh6 Bh8 27. Kh1 e6 28. h3 f5 29. exf5 exf5 30. Nce2 Qf7 31. Nf4 Rxe1+ 32. Rxe1 Bxd4 33. Nd5 Ne4 34. fxe4 Re8 35. e5 Bxe5 36. Rxe5 dxe5 37. Nf6+ Kh8 38. Nxe8 

1-0

[Event "Benasque op"]
[Site "?"]
[Date "1997.??.??"]
[Round "?"]
[White "De La Villa Garcia, Jesus Maria"]
[Black "Vaisser, Anatoli"]
[WhiteElo "2495"]
[BlackElo "2580"]
[Result "1-0"]

1. e4 c5 2. Nf3 Nc6 3. d4 cxd4 4. Nxd4 Nf6 5. Nc3 e5 6. Ndb5 d6 7. Bg5 a6 8. Na3 b5 9. Bxf6 gxf6 10. Nd5 Bg7 11. Bd3 Ne7 12. Nxe7 Qxe7 13. O-O f5 14. c3 Bb7 15. exf5 Qg5 16. g3 h5 17. h4 Qe7 18. Re1 d5 19. Nc2 Bf6 20. Ne3 Bxh4 21. Nxd5 Qd6 22. Be4 O-O-O 23. Nb4 Qb6 24. Bxb7+ Qxb7 25. Qe2 a5 26. Qxe5 Bxg3 27. fxg3 Qb6+ 28. Kf1 axb4 29. cxb4 Rhe8 30. Qc3+ Kb8 31. Rxe8 Rxe8 32. Rd1 Qb7 33. Kg1 Qe4 34. Qc5 Qe2 35. Qb6+ Ka8 36. Qc6+ Kb8 37. Qd6+ Ka8 38. Qd3 Qe5 39. Qd5+ Kb8 40. Qd6+ Qxd6 41. Rxd6 Re2 42. Rf6 Kc8 43. Rxf7 Rxb2 44. f6 Kd8 45. Rb7 Ke8 46. Rxb5 Rxa2 47. Rxh5 Ra1+ 48. Kg2 Ra2+ 49. Kf3 Ra3+ 50. Kf2 Ra2+ 51. Ke3 Ra3+ 52. Kd4 

1-0

[Event "Sevilla op"]
[Site "?"]
[Date "1994.??.??"]
[Round "?"]
[White "De La Villa Garcia, Jesus Maria"]
[Black "Damljanovic, Branko"]
[WhiteElo "2470"]
[BlackElo "2560"]
[Result "1-0"]

1. e4 c5 2. Nf3 d6 3. d4 cxd4 4. Nxd4 Nf6 5. Nc3 Nc6 6. Bg5 e6 7. Qd2 a6 8. O-O-O Bd7 9. f3 Be7 10. Be3 b5 11. g4 Nxd4 12. Bxd4 b4 13. Ne2 e5 14. Be3 Qa5 15. Kb1 Be6 16. Nc1 Qa4 17. h4 a5 18. Bh3 Qc6 19. g5 Nh5 20. g6 Bxh3 21. gxf7+ Kxf7 22. Rxh3 Rhf8 23. Bg5 h6 24. Be3 Rad8 25. Nd3 Bf6 26. Rg1 Ke8 27. Qe2 Rf7 28. Qg2 Qd7 29. Rh2 Rf8 30. Qe2 Qf7 31. Rd1 Rd7 32. Nc5 dxc5 33. Qb5 Qe6 34. Bxc5 Rf7 35. Rd6 Qe7 36. Rhd2 Qd8 37. Bb6 Qc8 38. Bxa5 Bxh4 39. Qxe5+ Rfe7 40. Qxh5+ Kf8 41. Qxh4 Rxd6 42. Rxd6 

1-0

[Event "74th Spanish Championship Absoluto"]
[Site "?"]
[Date "2009.10.01"]
[Round "?"]
[White "De La Villa Garcia, Jesus Maria"]
[Black "Khamrakulov, I"]
[WhiteElo "2481"]
[BlackElo "2554"]
[Result "1-0"]

1. e4 c5 2. Nf3 e6 3. d4 cxd4 4. Nxd4 a6 5. Nc3 Qc7 6. Bd3 Nc6 7. Nxc6 bxc6 8. Qe2 Nf6 9. e5 Nd5 10. O-O Nxc3 11. bxc3 d5 12. Re1 Be7 13. Qg4 Kf8 14. Qg3 h5 15. h4 Qa5 16. Bg5 f6 17. Bg6 Qd8 18. Rab1 f5 19. Bxe7+ Qxe7 20. Rb6 Qc7 21. Reb1 a5 22. Qg5 Bd7 23. Rb7 Qd8 24. Qxd8+ Rxd8 25. Rxd7 

1-0

[Event "Las Palmas"]
[Site "?"]
[Date "1991.??.??"]
[Round "?"]
[White "De La Villa Garcia, Jesus Maria"]
[Black "Morovic Fernandez, Ivan"]
[WhiteElo "2475"]
[BlackElo "2535"]
[Result "1-0"]

1. e4 e5 2. Nf3 Nc6 3. Bb5 a6 4. Ba4 Nf6 5. O-O Be7 6. Re1 b5 7. Bb3 d6 8. c3 O-O 9. h3 Na5 10. Bc2 c5 11. d4 Qc7 12. Nbd2 Re8 13. Nf1 Bf8 14. Ng3 g6 15. b3 Bg7 16. Bg5 Nd7 17. Rc1 exd4 18. cxd4 Nc6 19. Bb1 cxd4 20. Ne2 Qb6 21. Nf4 h6 22. Nd5 Qb7 23. Bh4 g5 24. Qc2 Nc5 25. Bg3 d3 26. Qd1 Nxe4 27. Bxd3 Bf5 28. Bxe4 Bxe4 29. Rxe4 Rxe4 30. Qc2 Re5 31. Nxe5 Nxe5 32. Qe4 Kh8 33. Rc7 f5 34. Bxe5 dxe5 35. Qf3 Qb8 36. Qxf5 Qf8 37. Rf7 Qd6 38. Nf6 

1-0

[Event "Leon"]
[Site "?"]
[Date "1994.??.??"]
[Round "?"]
[White "De La Villa Garcia, Jesus Maria"]
[Black "Ubilava, Elizbar"]
[WhiteElo "2470"]
[BlackElo "2535"]
[Result "1-0"]

1. e4 c5 2. Nf3 d6 3. d4 cxd4 4. Nxd4 Nf6 5. Nc3 Nc6 6. Bg5 e6 7. Qd2 a6 8. O-O-O h6 9. Be3 Be7 10. f3 Nxd4 11. Qxd4 e5 12. Qd2 Be6 13. Kb1 Rc8 14. h4 Qa5 15. a3 b5 16. g4 b4 17. Nd5 Bxd5 18. exd5 Qa4 19. Qxb4 Qxc2+ 20. Ka2 O-O 21. Bxa6 Rb8 22. Rd2 Qc7 23. Qc3 Qd8 24. Rc1 Nh7 25. g5 hxg5 26. hxg5 Bxg5 27. Rh1 Bxe3 28. Qxe3 Qb6 29. Qxb6 Rxb6 30. Rdh2 Rxa6 31. Rxh7 f5 32. Rh8+ Kf7 33. Rxf8+ Kxf8 34. b4 Ra7 35. b5 e4 36. fxe4 fxe4 37. b6 Rb7 38. Rb1 Ke8 39. a4 e3 40. a5 e2 41. Re1 Re7 42. a6 

1-0

[Event "29th OPEN INTERNACIONAL DE AJE"]
[Site "?"]
[Date "2009.07.05"]
[Round "?"]
[White "Kotronias, Vasilios"]
[Black "De La Villa Garcia, Jesus Maria"]
[WhiteElo "2613"]
[BlackElo "2472"]
[Result "0-1"]

1. e4 e5 2. Nf3 d6 3. d4 exd4 4. Nxd4 Nf6 5. Nc3 Be7 6. Bf4 O-O 7. Qd2 d5 8. Ndb5 Bb4 9. O-O-O c6 10. Nc7 Nxe4 11. Qe3 Nxc3 12. bxc3 Ba3+ 13. Kb1 Na6 14. Bxa6 bxa6 15. Nxa8 Qa5 16. Ka1 Be6 17. Nc7 d4 18. Rxd4 Bc1 19. Nxe6 Bxe3 20. Rd3 Bxf4 21. Nxf4 Qa4 22. Rf3 Qxc2 23. Rb1 g6 24. Rb2 Qa4 25. Rb4 Qd1+ 26. Rb1 Qd6 27. h4 Rb8 28. Rxb8+ Qxb8 29. g3 Qb5 30. Rd3 

0-1

[Event "30th Open"]
[Site "?"]
[Date "2010.07.11"]
[Round "?"]
[White "Marin, Mi"]
[Black "De La Villa Garcia, Jesus Maria"]
[WhiteElo "2597"]
[BlackElo "2496"]
[Result "0-1"]

1. c4 e5 2. g3 Nf6 3. Bg2 d5 4. cxd5 Nxd5 5. Nc3 Nb6 6. Nf3 Nc6 7. O-O Be7 8. a3 O-O 9. b4 Be6 10. Rb1 f6 11. d3 Nd4 12. Nd2 c6 13. Nde4 Bf7 14. Nc5 Qc7 15. e3 Ne6 16. N3e4 Nxc5 17. Nxc5 Rfd8 18. Qc2 a5 19. e4 axb4 20. axb4 Nd7 21. Be3 Ra2 22. Qc3 b5 23. Rfd1 Nxc5 24. Bxc5 Bxc5 25. Qxc5 Qd6 26. Qxd6 Rxd6 27. Bf1 g5 28. Ra1 Ra4 29. Be2 h5 30. f4 gxf4 31. gxf4 exf4 32. Kf2 Kg7 33. Kf3 f5 34. Kxf4 fxe4 35. dxe4 Rf6+ 36. Ke3 Rxb4 37. Rg1+ Bg6 38. Bxh5 Rxe4+ 39. Kd3 Rd6+ 40. Kc3 Kh6 41. Rxg6+ Rxg6 42. Bxg6 Kxg6 43. Kd3 Rc4 44. Rf1 Kg5 45. Rf8 c5 46. Rc8 Kg4 47. Rg8+ Kf5 48. Rh8 Rd4+ 49. Ke3 Ke6 50. h4 b4 51. Rc8 Kd5 52. Rd8+ Kc4 

0-1

[Event "Pamplona 9798"]
[Site "?"]
[Date "1997.12.30"]
[Round "?"]
[White "Lutz, Christopher"]
[Black "De La Villa Garcia, Jesus Maria"]
[WhiteElo "2590"]
[BlackElo "2485"]
[Result "0-1"]

1. e4 e6 2. d4 d5 3. Nc3 Bb4 4. e5 Ne7 5. a3 Bxc3+ 6. bxc3 c5 7. Qg4 Qc7 8. Qxg7 Rg8 9. Qxh7 cxd4 10. Ne2 dxc3 11. f4 Bd7 12. Qd3 Nf5 13. Nxc3 Na6 14. Nb5 Qc6 15. Qc3 Nc5 16. Rb1 d4 17. Nxd4 Qe4+ 18. Ne2 Rc8 19. Rb4 Qc6 20. Qf3 Qc7 21. Ng3 Bc6 22. Qe2 a5 23. Nxf5 exf5 24. Rc4 Qe7 25. Be3 Ne4 26. g3 Qxa3 27. Bg2 Qa1+ 28. Qd1 Qxd1+ 29. Kxd1 b5 30. Rxc6 Rxc6 31. Bf1 Ke7 32. Kc1 b4 33. Bb5 Rh6 34. Rd1 Rd8 35. Rxd8 Kxd8 36. Bd3 a4 37. g4 Rxh2 38. Bb6+ Kc8 39. Kb2 Kb7 40. Ba5 a3+ 41. Ka2 Nc3+ 42. Kb3 a2 43. Kb2 a1=Q+ 44. Kxa1 Rh1+ 45. Kb2 Rb1# 

0-1

[Event "Spanish Championship CECLUB Division Honor"]
[Site "?"]
[Date "2012.11.11"]
[Round "?"]
[White "Perez Candelario, Manuel"]
[Black "De La Villa Garcia, Jesus Maria"]
[WhiteElo "2579"]
[BlackElo "2463"]
[Result "0-1"]

1. e4 e6 2. d4 d5 3. Nc3 Nf6 4. Bg5 Be7 5. e5 Nfd7 6. h4 h6 7. Bxe7 Qxe7 8. Qg4 O-O 9. f4 c5 10. O-O-O Nc6 11. Nf3 f6 12. Bd3 Nxd4 13. Qg6 f5 14. Ng5 hxg5 15. hxg5 Qe8 16. Qh7+ Kf7 17. g4 Ke7 18. gxf5 Nxf5 19. Bxf5 Rxf5 20. Nxd5+ exd5 21. Qxf5 Nb6 22. e6 Bxe6 23. Rhe1 Qf7 24. Qe5 Kd7 25. Kb1 Re8 26. Qc3 Kc6 27. b3 g6 28. a4 Qxf4 29. Qd3 Qf7 30. Qb5+ Kd6 31. a5 Bd7 32. Qd3 Rxe1 33. Rxe1 Nc8 34. a6 bxa6 35. Qxa6+ Kc7 36. Qa5+ Kc6 37. Qa6+ Nb6 38. Qxa7 Qf4 39. Rg1 Qe3 40. Rh1 Bf5 41. Qa2 d4 42. Qb2 Nd5 43. Rc1 Qxg5 44. Qa3 Nb6 45. Qa5 Qe3 46. Kb2 Qe2 47. Kb1 Qb5 48. Qa3 Qb4 49. Qb2 Nd5 

0-1

[Event "Lugano op"]
[Site "?"]
[Date "1988.??.??"]
[Round "?"]
[White "Boensch, Uwe"]
[Black "De La Villa Garcia, Jesus Maria"]
[WhiteElo "2575"]
[BlackElo "2435"]
[Result "0-1"]

1. d4 Nf6 2. c4 e5 3. dxe5 Ng4 4. Nf3 Bc5 5. e3 Nc6 6. Be2 Ncxe5 7. Nxe5 Nxe5 8. O-O O-O 9. Nc3 Re8 10. Ne4 Bf8 11. Ng3 d6 12. e4 Qh4 13. f4 Ng4 14. Bxg4 Qxg4 15. Qxg4 Bxg4 16. f5 Be7 17. Bd2 Bh4 18. Rf4 Bxg3 19. hxg3 Bh5 20. Rh4 Be2 21. Kf2 Bxc4 22. f6 Re6 23. Bc3 Rae8 24. Rah1 gxf6 25. Rg4+ Kf8 26. Rxh7 Bxa2 27. Rgg7 R8e7 28. g4 Ke8 29. g5 fxg5 30. e5 Rxe5 31. Bxe5 Rxe5 32. Rh5 Rb5 33. Rhxg5 Rxb2+ 34. Ke3 Be6 35. g4 Rb3+ 36. Kd2 Rg3 37. Rg8+ Kd7 38. R5g7 c5 39. g5 Kc6 40. Re8 Bc4 41. Rc8+ Kd7 42. Rgg8 b5 43. Ra8 Ra3 44. Rad8+ Kc6 

0-1

[Event "Palma de Mallorca op"]
[Site "?"]
[Date "1992.??.??"]
[Round "?"]
[White "Suba, Mihai"]
[Black "De La Villa Garcia, Jesus Maria"]
[WhiteElo "2520"]
[BlackElo "2450"]
[Result "0-1"]

1. c4 c5 2. Nf3 Nf6 3. Nc3 d5 4. cxd5 Nxd5 5. e4 Nb4 6. Bc4 Nd3+ 7. Ke2 Nf4+ 8. Kf1 Ne6 9. d3 Nc6 10. Be3 Ned4 11. Nb5 a6 12. Nbxd4 cxd4 13. Bf4 e6 14. Rc1 Be7 15. h4 Bd7 16. e5 Qb6 17. Bb3 Na5 18. Ba4 Bxa4 19. Qxa4+ Nc6 20. Bg5 f6 21. exf6 gxf6 22. Bd2 Qxb2 23. Qc4 e5 24. Ke2 Qb5 25. Qe6 Nd8 26. Qg4 Qd5 27. Rc7 Ne6 28. Qh5+ Kd8 29. Rc2 Rc8 30. Rhc1 Rxc2 31. Rxc2 Nc5 32. Ba5+ Kd7 33. Bb6 Ne6 34. Qf5 Qb5 35. Rc7+ Kd6 36. Rxb7 Nf4+ 37. Kf1 Qxd3+ 38. Qxd3 Nxd3 39. Ba5 Rc8 40. g4 Rc5 41. Bd2 Rb5 42. Ra7 Nc5 43. h5 Rb7 44. Ra8 Kd5 45. Rh8 e4 46. Nh4 Rb1+ 47. Kg2 e3 48. fxe3 Rb2 49. Rxh7 Rxd2+ 50. Kf1 Bd6 51. exd4 Ne4 52. Nf5 Rf2+ 53. Kg1 Bh2+ 54. Kh1 Ng5 55. Rb7 Bf4 56. Ne7+ Ke4 57. Ng6 Nf3 58. Re7+ Be5 

0-1

[Event "Pamplona"]
[Site "?"]
[Date "1990.??.??"]
[Round "?"]
[White "Romero Holmes, Alfonso"]
[Black "De La Villa Garcia, Jesus Maria"]
[WhiteElo "2475"]
[BlackElo "2475"]
[Result "0-1"]

1. e4 c6 2. Nc3 d5 3. Nf3 Bg4 4. h3 Bxf3 5. Qxf3 Nf6 6. d3 e6 7. a3 Nbd7 8. g3 Bd6 9. Bg2 O-O 10. O-O Qb6 11. Kh1 Rad8 12. Qe2 Qa6 13. Qe1 dxe4 14. dxe4 e5 15. f4 Nc5 16. f5 b5 17. Be3 Qb7 18. Qf2 Ncd7 19. g4 Nb6 20. b3 Rfe8 21. a4 b4 22. Nd1 Nc8 23. Nb2 Bc7 24. Nc4 Nd6 25. Nxd6 Bxd6 26. Bf3 Qe7 27. g5 Nd7 28. f6 gxf6 29. Bh5 f5 30. Qxf5 Rf8 31. Rad1 Kg7 32. Bxf7 Bc7 33. g6 h6 34. Rd2 Bb6 35. Rfd1 Nf6 36. Bxb6 axb6 37. Rd3 Rxd3 38. cxd3 Rd8 39. Bc4 Rf8 40. Bf7 Rd8 41. Kg2 Rd6 42. Bc4 Ne8 43. Qf7+ Qxf7 44. gxf7 Rg6+ 45. Kf2 Nd6 46. Rc1 h5 47. Ba6 h4 48. a5 bxa5 49. Rc5 a4 50. bxa4 b3 51. Rc3 Rg3 52. Rxc6 Nxf7 53. Bc8 Rxd3 54. a5 Nd6 55. a6 b2 56. Rb6 Nxc8 57. Rxb2 Ra3 58. Rb1 Nd6 59. Rb6 Nxe4+ 60. Kg2 Nf6 61. Rb7+ Kg6 62. a7 Kf5 63. Re7 Nd5 

0-1